陳奕迅粵語歌曲 - Statistics

General Stats
  • This quiz has been taken 4 times
  • The average score is 105 of 247
Answer Stats
歌名 % Correct
遊離份子
100%
與我常在
100%
抱擁這分鐘
100%
我的快樂時代
100%
黃金時代
100%
請相信我
100%
反高潮
100%
100%
第五個現代化
100%
打得火熱
100%
單車
100%
大開眼戒
100%
熱帶雨林
100%
明年今日
100%
人來人往
100%
防不勝防
100%
十面埋伏
100%
謊言
100%
歲月如歌
100%
浮誇
100%
葡萄成熟時
100%
大個女
100%
滑鐵盧車站
100%
今天只做一件事
100%
七百年後
100%
沙龍
100%
無人之境
100%
一絲不掛
100%
陀飛輪
100%
六月飛霜
100%
最後派對
100%
重口味
100%
信任
100%
100%
任我行
100%
無條件
100%
黑洞
100%
我們萬歲
100%
與你常在
100%
塵大師
100%
人啊人
100%
是但求其愛
100%
致明日的舞
100%
2001太空漫遊
100%
K歌之王
100%
Life Goes On
100%
Lonely Christmas
100%
時代曲
67%
愛沒有左右
67%
今天等我來
67%
我甚麼都沒有
67%
天下無雙
67%
新曲+精選
67%
愈想愈無謂
67%
相信相依
67%
兩種講法
67%
美滿人生
67%
昨日
67%
今日
67%
每一個明天
67%
我的世界末日
67%
貝多芬與我
67%
幸福摩天輪
67%
黑夜不再來
67%
美麗有罪
67%
原來這裏沒有你
67%
活躍症
67%
美麗謊言
67%
吹微風
67%
溫室效應
67%
怪物
67%
信心花舍
67%
衝口而出
67%
我不好愛
67%
他一個人
67%
不知所謂
67%
兩名男子街頭相遇
67%
第一類接觸
67%
真相
67%
三個人的探戈
67%
怕死
67%
人車誌
67%
暴殄天物
67%
大得太快
67%
裙下之臣
67%
粵語殘片
67%
最後今晚
67%
瑪利奧派對
67%
67%
演唱會
67%
一個旅人
67%
不來也不去
67%
花花世界
67%
超錯
67%
碌卡
67%
習慣說
67%
斯德哥爾摩情人
67%
床頭床尾
67%
阿貓阿狗
67%
人生馬拉松
67%
破壞王
67%
龍舌蘭
67%
可一可再
67%
盲婚啞嫁
67%
24
67%
Shall We Dance
67%
Shall We Talk
67%
Stranger Under My Skin
67%
安守本份
33%
現場直播
33%
超人的主題曲
33%
時光倒流二十年
33%
當這地球沒有花
33%
低等動物
33%
綿綿
33%
下週同樣時間(再見!)
33%
失戀太少
33%
天使的禮物
33%
一個人
33%
結束開始
33%
少見不怪
33%
呀邊個邊個
33%
猜情尋
33%
忘記歌詞
33%
八里公路
33%
開不了心
33%
33%
阿牛
33%
夕陽無限好
33%
人神鬥
33%
最佳損友
33%
落花流水
33%
想聽
33%
白玫瑰
33%
黑擇明
33%
富士山下
33%
狂熱革命
33%
時代巨輪
33%
後台
33%
還有什麼可以送給你
33%
於心有愧
33%
太陽照常升起
33%
大人
33%
味之素
33%
苦瓜
33%
笑死朕
33%
主旋律
33%
告別娑婆
33%
遠在咫尺
33%
失憶蝴蝶
33%
老細我撇先
33%
喜歡一個人
33%
起點‧終站
33%
一個靈魂的獨白
33%
夢的可能
33%
漸漸
33%
敬煙
33%
焦焦焦
33%
1874
33%
Crying in the Party
33%
Made in Hong Kong
33%
傷信
0%
我怕你不肯
0%
有意無意
0%
愛情,幼稚!
0%
從未痴心
0%
其實我記得
0%
當心中有戀愛感覺
0%
生命有幾好
0%
伴遊
0%
跟我走好嗎
0%
敵人
0%
那一夜有沒有說?
0%
多一點
0%
終於一百日
0%
新生活
0%
眼眉調
0%
快高長大
0%
如果這一秒鐘你跟我講你不愛我
0%
飄飄飄飄
0%
忽然難過
0%
專家話
0%
送院途中
0%
戲迷情人
0%
和平飯店
0%
我感激
0%
到此一遊
0%
愛上你是我眼睛的錯
0%
天網
0%
我們不哭了
0%
新廣告歌
0%
孤獨探戈
0%
黑暗中漫舞
0%
遺失的國度
0%
始終我係我
0%
阿士匹靈
0%
人工智能
0%
活着多好
0%
五星級迫爆
0%
孤兒仔
0%
一疋布
0%
心裏有鬼
0%
我有我愛你
0%
季軍
0%
隨意門
0%
黑面
0%
幸災樂禍
0%
小孩不懂怕
0%
一切還好
0%
萬佛朝宗
0%
冤氣
0%
放下來
0%
不良嗜好
0%
聽聽
0%
低調
0%
最後的嬉皮士
0%
不如不見
0%
心深傷透
0%
解藥
0%
天公地道
0%
不求人
0%
愛你入骨
0%
月球上的人
0%
熱島小夜曲
0%
變色龍
0%
乜嘢啫
0%
歌.頌
0%
天下太平
0%
親近
0%
心腹
0%
講男講女
0%
葉問風中轉
0%
我杯茶
0%
沼氣
0%
非禮
0%
0%
同舟之情
0%
心燒
0%
萬聖節的一個傳説
0%
0%
16月6日晴
0%
Allegro, Opus 3.3 a.m.
0%
Class
0%
Katrina
0%
King Kong
0%
Let It Out
0%
New Order
0%
No matching quizzes found
Score Distribution
Percent of People with Each Score
Percentile by Number Answered
Your Score History
You have not taken this quiz